Blackpink - Statistiques

Statistiques générales
  • Ce quiz a été pris 308 fois
    297 depuis la dernière actualisation
  • Le résultat moyen est 10 sur 15
Statistiques - réponses
Question Réponse % Correct
Comment s’appellent les fans de blackpink Blink
98%
En quel année blackpink a comenc 2016
94%
Quel est la nationalité de jisoo Sud coréenne
93%
A qui appartient le solo flowers Jisoo
92%
Quel membre à comme langue préférée le français Jennie
80%
Qui a fait la chanson solo all eyes on my Jisoo
79%
Quel membre est connue pour être la plus ''belle'' Jisoo
78%
Pourquoi lisa a créé son compte tiktok Pour annoncer une nouvelle chanson solo
71%
La peluche de lisa est quel animal Un canard
67%
Et quel date 8
64%
En quel mois Août
64%
Quel est le nom des fans de lisa Lili's
60%
Quel est la langue préférée de jisoo Japonais
36%
Comment s’appelle la peluche de lisa Ppeu
35%
Combien ont elles de chansons 50 à 55
14%
Aucun quiz correspondant
Distribution des résultats
% des personnes avec chaque résultat
Percentile par nombre de réponses
Votre historique - résultats
Vous n’avez pas pris ce quiz depuis la dernière actualisation